[Event "SG Solingen 3 - Oberhausener SV 1"]
[Site "NRW-Klasse, Gruppe 2 2012/201"]
[Date "2013.03.10"]
[Round "7.6"]
[White "Peschel, Andreas"]
[Black "Ciornei, Dragos"]
[Result "1-0"]
[WhiteElo "2156"]
[BlackElo "2125"]
[PlyCount "71"]
[EventDate "2013.??.??"]
[WhiteTeam "SG Solingen 3"]
[BlackTeam "Oberhausener SV 1"]

1. d4 Nf6 2. g3 g6 3. Bg2 Bg7 4. Nf3 O-O 5. O-O d6 6. c4 Nbd7 7. d5 Nb6 8. Nfd2
e6 9. dxe6 Bxe6 10. Bxb7 Rb8 11. Bg2 Nxc4 12. Nxc4 Bxc4 13. Qc2 Bd5 14. e4 Ba8
15. Nc3 Qd7 16. Be3 a6 17. Ba7 Rb4 18. a3 Rc4 19. Qd3 Qc6 20. Rac1 Re8 21. b3
Rxc3 22. Qxc3 Qb7 23. Qxc7 Qxb3 24. Qxd6 Nxe4 25. Qxa6 Bb7 26. Qb6 Qxb6 27.
Bxb6 f5 28. Rfe1 Ra8 29. Rc7 Bd5 30. Rd1 Be6 31. f3 Nc3 32. Rxg7+ Kxg7 33. Bd4+
Kf7 34. Bxc3 Rxa3 35. Rc1 Bd5 36. f4 1-0

[Event "SG Solingen 3 - Oberhausener SV 1"]
[Site "NRW-Klasse, Gruppe 2 2012/201"]
[Date "2013.03.10"]
[Round "7.7"]
[White "Joergens, Markus"]
[Black "Auer, Martin"]
[Result "1/2-1/2"]
[WhiteElo "2074"]
[BlackElo "2172"]
[PlyCount "110"]
[EventDate "2013.??.??"]
[WhiteTeam "Oberhausener SV 1"]
[BlackTeam "SG Solingen 3"]

1. d4 Nf6 2. c4 c5 3. d5 e6 4. Nc3 exd5 5. cxd5 d6 6. Nf3 g6 7. Nd2 Bg7 8. Nc4
O-O 9. Bf4 Ne8 10. Qd2 b6 11. a4 Ba6 12. e4 Bxc4 13. Bxc4 Nd7 14. O-O Ne5 15.
Be2 a6 16. Bg5 f6 17. Bh4 g5 18. Bg3 Bh6 19. Nd1 Qd7 20. Ne3 g4 21. Qc3 Bxe3
22. Qxe3 h5 23. f4 gxf3 24. gxf3 Qh7 25. f4 Ng4 26. Qf3 f5 27. exf5 Ng7 28. Bd3
Nxf5 29. h3 Nf6 30. Be1 Kf7 31. Bc3 Rg8+ 32. Kh1 h4 33. Rg1 Nh5 34. Rg5 Nhg3+
35. Kh2 Rxg5 36. fxg5 Kg8 37. Re1 Rf8 38. Qg4 Qh5 39. Re6 Qxg4 40. hxg4 Nd4 41.
Rg6+ Kh8 42. Rf6 Re8 43. Bxa6 Kg8 44. Rxd6 Ne4 45. Rg6+ Kf7 46. Rxb6 Nxg5 47.
Rb7+ Kf8 48. Bxd4 cxd4 49. d6 Rd8 50. d7 Ke7 51. Bb5 Ne6 52. a5 d3 53. a6 Nc5
54. Rc7 d2 55. Be2 Nxa6 1/2-1/2

[Event "SG Solingen 3 - Oberhausener SV 1"]
[Site "NRW-Klasse, Gruppe 2 2012/201"]
[Date "2013.03.10"]
[Round "7.8"]
[White "Baciu, Diana"]
[Black "Voge, Andreas"]
[Result "1-0"]
[WhiteElo "2244"]
[BlackElo "2056"]
[PlyCount "37"]
[EventDate "2013.??.??"]
[WhiteTeam "SG Solingen 3"]
[BlackTeam "Oberhausener SV 1"]

1. e4 c5 2. Nf3 Nf6 3. e5 Nd5 4. c3 g6 5. Qb3 e6 6. d4 cxd4 7. cxd4 Nc6 8. Nc3
Bb4 9. Bd2 O-O 10. Be2 d6 11. O-O dxe5 12. dxe5 Qa5 13. Bh6 Re8 14. Ne4 Bd7 15.
Bc4 Nce7 16. a3 Bc5 17. Qd3 Qc7 18. Bxd5 Nxd5 19. Rfc1 1-0

[Event "Gütersloher SV 1 - SK Herne-Sodingen 1"]
[Site "NRW-Klasse, Gruppe 2 2012/201"]
[Date "2013.03.10"]
[Round "7.1"]
[White "Graw, Christopher"]
[Black "Ebert, Manuel"]
[Result "1-0"]
[WhiteElo "2177"]
[BlackElo "2105"]
[Annotator "Doe,John"]
[PlyCount "87"]
[EventDate "2013.??.??"]
[WhiteTeam "SK Herne-Sodingen 1"]
[BlackTeam "Gütersloher SV 1"]

1. d4 Nf6 2. c4 g6 3. Nc3 Bg7 4. e4 d6 5. Be2 O-O 6. Bg5 h6 7. Be3 e5 8. d5
Nbd7 9. Qd2 Kh7 10. f3 Nh5 11. O-O-O Nc5 12. b4 Na6 13. a3 Nf4 14. Bf1 f5 15.
g3 Nh5 16. Bd3 f4 17. Bf2 Bf6 18. g4 Ng7 19. h4 Be7 20. Nge2 Nb8 21. Qb2 Bd7
22. Kd2 a6 23. Nc1 Be8 24. Bc2 Nd7 25. Nd3 Nf6 26. c5 Qb8 27. Na4 Nd7 28. Rc1
b6 29. Bb3 b5 $11 30. Nc3 Bf7 31. a4 bxa4 32. Bxa4 Be8 33. Bc6 Ra7 34. Bxd7
Bxd7 35. c6 Bc8 36. Ra1 Ra8 37. Ra5 h5 38. g5 Bd8 39. b5 Be7 40. Rb1 Bh3 41.
bxa6 Qc8 42. Qb7 Bg2 43. Qxc8 Rfxc8 44. Ke2 1-0

[Event "Gütersloher SV 1 - SK Herne-Sodingen 1"]
[Site "NRW-Klasse, Gruppe 2 2012/201"]
[Date "2013.03.10"]
[Round "7.2"]
[White "Peter, Sebastian"]
[Black "Sandkamp, Ralph"]
[Result "0-1"]
[WhiteElo "2028"]
[BlackElo "2202"]
[PlyCount "62"]
[EventDate "2013.??.??"]
[WhiteTeam "Gütersloher SV 1"]
[BlackTeam "SK Herne-Sodingen 1"]

1. e4 c5 2. Nf3 d6 3. d4 cxd4 4. Nxd4 Nf6 5. Nc3 g6 6. Be3 Bg7 7. f3 Nc6 8. Qd2
h5 9. O-O-O Bd7 10. Kb1 a6 11. Nde2 Rc8 12. Nf4 Ne5 13. Ncd5 Nxd5 14. Nxd5 Be6
15. Bd4 Bxd5 16. exd5 O-O 17. b3 b5 18. h3 Qc7 19. Rc1 Nd7 20. Bxg7 Kxg7 21. g4
Qc3 22. Qxc3+ Rxc3 23. Bg2 hxg4 24. hxg4 Nf6 25. Rcd1 Rc5 26. f4 Nxg4 27. Rhe1
Rc7 28. Rd2 Rh8 29. Bf3 Rh4 30. f5 gxf5 31. Rg2 Kf6 0-1

[Event "Gütersloher SV 1 - SK Herne-Sodingen 1"]
[Site "NRW-Klasse, Gruppe 2 2012/201"]
[Date "2013.03.10"]
[Round "7.3"]
[White "Schippan, Bernhard"]
[Black "Scharnowski, Tobias"]
[Result "1/2-1/2"]
[WhiteElo "2148"]
[BlackElo "2011"]
[PlyCount "50"]
[EventDate "2013.??.??"]
[WhiteTeam "SK Herne-Sodingen 1"]
[BlackTeam "Gütersloher SV 1"]

1. e4 c5 2. Nf3 e6 3. d3 Nc6 4. g3 Nge7 5. Bg2 g6 6. O-O Bg7 7. Nbd2 O-O 8. Re1
d6 9. Nf1 Rb8 10. c3 b5 11. Be3 b4 12. d4 bxc3 13. bxc3 cxd4 14. cxd4 Qa5 15.
N1d2 Ba6 16. Nb3 Qa3 17. Qd2 Nb4 18. Bh6 Nd3 19. Bxg7 Kxg7 20. Reb1 Rfc8 21.
Bf1 Nb4 22. Bxa6 Qxa6 23. Ne1 Rc4 24. Rc1 Rxc1 25. Nxc1 Nbc6 1/2-1/2

[Event "Gütersloher SV 1 - SK Herne-Sodingen 1"]
[Site "NRW-Klasse, Gruppe 2 2012/201"]
[Date "2013.03.10"]
[Round "7.4"]
[White "Plaßmann, Dominik"]
[Black "Wickenfeld, Stefan"]
[Result "0-1"]
[WhiteElo "2024"]
[BlackElo "2073"]
[PlyCount "90"]
[EventDate "2013.??.??"]
[WhiteTeam "Gütersloher SV 1"]
[BlackTeam "SK Herne-Sodingen 1"]

1. e4 d5 2. exd5 Nf6 3. d4 Nxd5 4. c4 Nb6 5. Nf3 Bg4 6. c5 N6d7 7. Be2 e6 8.
O-O Be7 9. h3 Bh5 10. Qb3 b6 11. Nc3 O-O 12. Be3 Qc8 13. Rac1 bxc5 14. d5 exd5
15. Qxd5 Bxf3 16. Qxf3 c6 17. Ne4 Qb7 18. b3 Na6 19. Qf5 Rad8 20. Ng5 g6 21.
Qe4 Rde8 22. Qh4 Bxg5 23. Qxg5 Nb4 24. Rc4 f6 25. Qh6 Nd5 26. Rh4 Rf7 27. Bc4
Qb8 28. Rd1 Qd6 29. Bc1 Rfe7 30. Qd2 N7b6 31. Bb2 Qe6 32. Bd3 Nb4 33. Bf1 Rd7
34. Qc1 Nxa2 35. Rxd7 Nxc1 36. Rdxh7 g5 37. R4h6 Nd5 38. Bxc1 Qf5 39. Rxa7 Re7
40. Ra8+ Kg7 41. Rhh8 Qc2 42. Ba3 Re1 43. Rag8+ Kf7 44. Rf8+ Ke6 45. Re8+ Ne7
0-1

[Event "Gütersloher SV 1 - SK Herne-Sodingen 1"]
[Site "NRW-Klasse, Gruppe 2 2012/201"]
[Date "2013.03.10"]
[Round "7.5"]
[White "Waldschmidt, Georg"]
[Black "Hanhoerster, Stephan"]
[Result "1-0"]
[WhiteElo "2208"]
[BlackElo "2115"]
[Annotator "Doe,John"]
[PlyCount "102"]
[EventDate "2013.??.??"]
[WhiteTeam "SK Herne-Sodingen 1"]
[BlackTeam "Gütersloher SV 1"]

1. e4 c5 2. c3 d6 3. d4 Nf6 4. Bd3 cxd4 5. cxd4 g6 6. h3 Bg7 7. Nf3 O-O 8. O-O
Nc6 9. Nc3 Nd7 10. d5 Nce5 11. Bc2 Nxf3+ 12. Qxf3 Qc7 13. Qe2 Ne5 14. Bb3 a6
15. Be3 b5 16. Rac1 Qa5 17. f4 Nd7 18. Bd2 Qd8 19. Bc2 Nb6 20. Bd3 b4 21. Nd1
Na4 22. b3 Nc5 23. Bc4 Qa5 24. a4 Qd8 25. Nf2 Bb2 26. Rc2 Bd4 27. Be3 Bxe3 28.
Qxe3 Qb6 29. Qf3 e6 30. Kh1 Bd7 31. Ng4 Kg7 32. Re2 f5 33. exf5 exf5 34. Nf2
Rae8 35. Rfe1 Rxe2 36. Rxe2 Qd8 37. Nd3 Ne4 38. Nxb4 a5 39. Nc2 Qf6 40. Bd3 Nc5
41. Bc4 Rc8 42. Kh2 Nxa4 $11 43. Ba6 Rc3 44. Re3 Rxe3 45. Qxe3 Nc5 46. Bc4 Kf7
47. Nd4 Ne4 48. Nc6 Qa1 49. Qa7 Nf6 50. Qc7 Kg7 51. Qxd6 Bxc6 1-0

[Event "Gütersloher SV 1 - SK Herne-Sodingen 1"]
[Site "NRW-Klasse, Gruppe 2 2012/201"]
[Date "2013.03.10"]
[Round "7.7"]
[White "Trzaska, Peter"]
[Black "Krueger, Tim"]
[Result "1/2-1/2"]
[WhiteElo "2075"]
[BlackElo "2030"]
[Annotator "Doe,John"]
[PlyCount "50"]
[EventDate "2013.??.??"]
[WhiteTeam "SK Herne-Sodingen 1"]
[BlackTeam "Gütersloher SV 1"]

1. e4 c5 2. c3 d5 3. exd5 Qxd5 4. d4 cxd4 5. cxd4 Nc6 6. Nf3 e5 7. Nc3 Bb4 8.
Bd2 Bxc3 9. Bxc3 e4 10. Ne5 Nxe5 11. dxe5 Ne7 12. Qb3 Qxb3 13. axb3 Nd5 14. Ra4
Nxc3 $11 15. bxc3 Be6 16. Bc4 Bd7 17. Rb4 Bc6 18. Bb5 Ke7 19. Bxc6 bxc6 20.
Rxe4 Rhb8 21. b4 a5 22. O-O axb4 23. cxb4 Ra4 24. Rc4 Rbxb4 25. Rxc6 Re4
1/2-1/2

[Event "Gütersloher SV 1 - SK Herne-Sodingen 1"]
[Site "NRW-Klasse, Gruppe 2 2012/201"]
[Date "2013.03.10"]
[Round "7.8"]
[White "Kretschmann, Michael"]
[Black "Kaehmann, Joerg"]
[Result "0-1"]
[WhiteElo "2071"]
[BlackElo "2191"]
[PlyCount "78"]
[EventDate "2013.??.??"]
[WhiteTeam "Gütersloher SV 1"]
[BlackTeam "SK Herne-Sodingen 1"]

1. d3 d5 2. g3 g6 3. Bg2 Bg7 4. Nf3 e5 5. O-O Ne7 6. e4 O-O 7. exd5 Nxd5 8. Nc3
Nxc3 9. bxc3 c6 10. d4 e4 11. Ne5 f6 12. Nc4 Be6 13. Qe2 b5 14. Nd2 Re8 15. Bb2
f5 16. Rfe1 Nd7 17. c4 b4 18. Rad1 Qa5 19. d5 Bxb2 20. dxe6 Rxe6 21. c5 Ne5 22.
Nc4 Qxa2 23. Nxe5 Bxe5 24. Rd7 Rae8 25. Red1 R6e7 26. Bf1 Kg7 27. Qd2 a5 28. h4
Qe6 29. h5 Bc3 30. h6+ Kf7 31. Rxe7+ Rxe7 32. Qd8 e3 33. Rd6 exf2+ 34. Kh2 Qe4
35. Qc8 f4 36. Rd8 fxg3+ 37. Kxg3 Qe3+ 38. Kg2 Qg5+ 39. Kxf2 Be1+ 0-1

[Event "SK Münster 1 - SK KS Iserlohn 1"]
[Site "NRW-Klasse, Gruppe 2 2012/201"]
[Date "2013.03.10"]
[Round "7.1"]
[White "Scheider, Julian"]
[Black "Kuijf, Marinus"]
[Result "1/2-1/2"]
[WhiteElo "2335"]
[BlackElo "2346"]
[PlyCount "68"]
[EventDate "2013.??.??"]
[WhiteTeam "SK KS Iserlohn 1"]
[BlackTeam "SK Münster 1"]

1. e4 e6 2. d4 d5 3. Nc3 Nf6 4. e5 Nfd7 5. f4 c5 6. Nf3 Nc6 7. Be3 a6 8. Qd2
cxd4 9. Nxd4 Bc5 10. O-O-O O-O 11. Qf2 Bxd4 12. Bxd4 b5 13. Bd3 b4 14. Ne2 a5
15. Kb1 Ba6 16. h4 Qc7 17. h5 Rfc8 18. g4 a4 19. Bxa6 Rxa6 20. Rc1 Na5 21. Qe3
Rc6 22. Qd3 Nc4 23. Rhe1 Qa5 24. Red1 a3 25. b3 Nb2 26. Qd2 Nxd1 27. Qxd1 Nc5
28. Qd2 Qb5 29. Qe3 Kf8 30. f5 Nxb3 31. cxb3 Qxe2 32. Rxc6 Qd1+ 33. Qc1 Qd3+
34. Qc2 Qf1+ 1/2-1/2

[Event "SK Münster 1 - SK KS Iserlohn 1"]
[Site "NRW-Klasse, Gruppe 2 2012/201"]
[Date "2013.03.10"]
[Round "7.2"]
[White "Molinaroli, Martin"]
[Black "Naundorf, Maik"]
[Result "1-0"]
[WhiteElo "2276"]
[BlackElo "2062"]
[PlyCount "41"]
[EventDate "2013.??.??"]
[WhiteTeam "SK Münster 1"]
[BlackTeam "SK KS Iserlohn 1"]

1. b3 c5 2. Bb2 Nc6 3. e3 e5 4. Bb5 Nge7 5. Nf3 d6 6. d4 cxd4 7. exd4 Qa5+ 8.
Nc3 e4 9. d5 exf3 10. Qxf3 Bd7 11. dxc6 bxc6 12. O-O d5 13. Bd3 Be6 14. Ne2 Rd8
15. Rfe1 h5 16. h3 h4 17. Nf4 Bc8 18. Re2 Qc5 19. Rae1 d4 20. Re5 Qd6 21. Bc4
1-0

[Event "SK Münster 1 - SK KS Iserlohn 1"]
[Site "NRW-Klasse, Gruppe 2 2012/201"]
[Date "2013.03.10"]
[Round "7.3"]
[White "Messarius, Juergen"]
[Black "Bolwerk, Peter"]
[Result "0-1"]
[WhiteElo "2197"]
[BlackElo "2209"]
[Annotator "Doe,John"]
[PlyCount "76"]
[EventDate "2013.??.??"]
[WhiteTeam "SK KS Iserlohn 1"]
[BlackTeam "SK Münster 1"]

1. e4 c5 2. Nf3 e6 3. d4 cxd4 4. Nxd4 a6 5. Bd3 Nf6 6. O-O Qc7 7. Nc3 Be7 8.
Be3 O-O 9. a4 b6 10. f4 d6 11. Qf3 Nbd7 12. Qh3 Bb7 13. Rae1 Nc5 14. Bf2 d5 15.
e5 Nfe4 16. Bxe4 Nxe4 17. Nxe4 dxe4 18. c3 Bd5 19. Re3 f5 20. Bh4 Bc5 21. Rd1
b5 22. g4 fxg4 23. Qxg4 Rf7 24. Rh3 bxa4 25. Bg5 $11 Rb8 26. Qe2 h6 27. Bh4
Rxf4 28. Bg3 Rf7 29. c4 Bb7 30. Bf2 Rd8 31. Be3 Rfd7 32. Qg4 Rxd4 33. Rf1 Rd3
34. Qxe6+ Kh8 35. Rf7 Bxe3+ 36. Kg2 Qc6 37. Qe7 Rd2+ 38. Kg3 Qg6+ 0-1

[Event "SK Münster 1 - SK KS Iserlohn 1"]
[Site "NRW-Klasse, Gruppe 2 2012/201"]
[Date "2013.03.10"]
[Round "7.4"]
[White "Korth, Daniel"]
[Black "Schmuecker, Marcus"]
[Result "1/2-1/2"]
[WhiteElo "2147"]
[BlackElo "2186"]
[Annotator "Doe,John"]
[PlyCount "80"]
[EventDate "2013.??.??"]
[WhiteTeam "SK Münster 1"]
[BlackTeam "SK KS Iserlohn 1"]

1. d4 e6 2. Nf3 f5 3. g3 Nf6 4. Bg2 d5 5. O-O Bd6 6. b3 Qe7 7. Bb2 O-O 8. c4 c6
9. Qc1 Nbd7 10. Ba3 b6 11. cxd5 Bxa3 12. Qxa3 Qxa3 13. Nxa3 exd5 14. Rfc1 Bb7
15. e3 Rac8 16. Rc2 Rfe8 17. Rac1 Ne4 18. Ne1 a6 19. Nd3 a5 20. h4 Kf7 21. Nb1
Ke6 22. Nd2 Nxd2 $11 23. Rxd2 Kd6 24. Nb2 Ba6 25. Bf1 Bxf1 26. Kxf1 g6 27. Rdc2
Rc7 28. Na4 Rec8 29. Ke2 Rb8 30. Nc3 Rcb7 31. Kd3 Re8 32. Ne2 Rc7 33. Nc3 Rb7
34. f3 Nf6 35. Re1 Rbe7 36. Na4 Kc7 37. Rg2 Nh5 38. Ree2 Nf6 39. Re1 Nh5 40.
Ree2 Nf6 1/2-1/2

[Event "SK Münster 1 - SK KS Iserlohn 1"]
[Site "NRW-Klasse, Gruppe 2 2012/201"]
[Date "2013.03.10"]
[Round "7.5"]
[White "Klauke, Stefan"]
[Black "Rott, Georg"]
[Result "1/2-1/2"]
[WhiteElo "2120"]
[BlackElo "2109"]
[PlyCount "41"]
[EventDate "2013.??.??"]
[WhiteTeam "SK KS Iserlohn 1"]
[BlackTeam "SK Münster 1"]

1. e4 e6 2. d4 d5 3. Nc3 Bb4 4. exd5 exd5 5. Qf3 Ne7 6. Bd3 c5 7. dxc5 Nd7 8.
Bd2 Nxc5 9. O-O-O O-O 10. Nh3 Nxd3+ 11. Qxd3 d4 12. Ne4 Bxd2+ 13. Rxd2 Qd5 14.
c4 Qa5 15. b3 Rd8 16. Nf4 Bf5 17. g4 Bxe4 18. Qxe4 Qc3+ 19. Rc2 Qb4 20. Re1 Nc6
21. Nd5 1/2-1/2

[Event "SK Münster 1 - SK KS Iserlohn 1"]
[Site "NRW-Klasse, Gruppe 2 2012/201"]
[Date "2013.03.10"]
[Round "7.6"]
[White "Kamp, Christoph"]
[Black "Franke, Thomas"]
[Result "1/2-1/2"]
[WhiteElo "2155"]
[BlackElo "2028"]
[PlyCount "30"]
[EventDate "2013.??.??"]
[WhiteTeam "SK Münster 1"]
[BlackTeam "SK KS Iserlohn 1"]

1. d4 Nf6 2. c4 c5 3. d5 e5 4. Nc3 d6 5. e4 Nbd7 6. Be2 Be7 7. Nf3 a6 8. a3 O-O
9. O-O Ne8 10. Rb1 g6 11. Bh6 Ng7 12. b4 b6 13. bxc5 bxc5 14. Rb3 f5 15. Qc2
Rf7 1/2-1/2

[Event "SK Münster 1 - SK KS Iserlohn 1"]
[Site "NRW-Klasse, Gruppe 2 2012/201"]
[Date "2013.03.10"]
[Round "7.7"]
[White "Kramps, Rene"]
[Black "Chilla, Jan Eric"]
[Result "0-1"]
[WhiteElo "2010"]
[BlackElo "2148"]
[Annotator "Doe,John"]
[PlyCount "104"]
[EventDate "2013.??.??"]
[WhiteTeam "SK KS Iserlohn 1"]
[BlackTeam "SK Münster 1"]

1. e4 e5 2. Nf3 Nc6 3. Bb5 a6 4. Bxc6 dxc6 5. Nc3 f6 6. d4 exd4 7. Qxd4 Qxd4 8.
Nxd4 Bd7 9. Bf4 O-O-O 10. O-O-O Ne7 11. Bg3 Ng6 12. h3 Re8 13. Rhe1 $11 Bb4 14.
a3 Bxc3 15. bxc3 c5 16. Nb3 b6 17. f3 Bc6 18. Nd2 Bb5 19. Nf1 Bxf1 20. Rxf1 Rd8
21. Rxd8+ Rxd8 22. f4 Re8 23. Re1 Kd7 24. Kd2 Kc6 25. Ke3 Kb5 26. f5 Ne5 27.
Bxe5 Rxe5 28. Rd1 Re7 29. g4 Ka4 30. Ra1 a5 31. h4 h6 32. g5 hxg5 33. hxg5 fxg5
34. Kf3 Re8 35. Rg1 Kxa3 36. Rxg5 Re7 37. Rxg7 Rxg7 38. f6 Rf7 39. e5 Kb2 40.
Kf4 a4 41. Kf5 a3 42. e6 Rxf6+ 43. Kxf6 a2 44. e7 a1=Q 45. e8=Q Qf1+ 46. Kg5
Qg2+ 47. Kf4 Qh2+ 48. Ke3 Qxc2 49. Qb5+ Kxc3 50. Qc6 Qd2+ 51. Kf3 Qd6 52. Qa4
Qd3+ 0-1

[Event "SK Münster 1 - SK KS Iserlohn 1"]
[Site "NRW-Klasse, Gruppe 2 2012/201"]
[Date "2013.03.10"]
[Round "7.8"]
[White "Borrink, Joern"]
[Black "Schwanbeck, Christoph"]
[Result "1-0"]
[WhiteElo "2129"]
[BlackElo "1957"]
[PlyCount "33"]
[EventDate "2013.??.??"]
[WhiteTeam "SK Münster 1"]
[BlackTeam "SK KS Iserlohn 1"]

1. e4 d5 2. exd5 Qxd5 3. Nc3 Qd6 4. d4 Nf6 5. Nge2 c6 6. Bf4 Qb4 7. Qc1 Bf5 8.
a3 Qb6 9. Bxb8 Rxb8 10. Qf4 Rd8 11. Qxf5 e6 12. Qf3 Qxb2 13. Ra2 Qb6 14. g3 c5
15. dxc5 Bxc5 16. Bg2 Ne4 17. Qxe4 1-0

[Event "SF Gerresheim 1 - Herforder SV KS 1"]
[Site "NRW-Klasse, Gruppe 2 2012/201"]
[Date "2013.03.10"]
[Round "7.1"]
[White "Nordsieck, Thomas"]
[Black "Savchenko, Viacheslav"]
[Result "1/2-1/2"]
[WhiteElo "2245"]
[BlackElo "2339"]
[PlyCount "83"]
[EventDate "2013.??.??"]
[WhiteTeam "Herforder SV KS 1"]
[BlackTeam "SF Gerresheim 1"]

1. e4 c5 2. b4 b6 3. bxc5 bxc5 4. Nc3 Nc6 5. Bc4 e6 6. f4 Na5 7. Bb5 Rb8 8. Nf3
Nf6 9. d3 c4 10. Ba4 Bb4 11. Bd2 O-O 12. O-O d5 13. e5 Ng4 14. d4 Ne3 15. Bxe3
Bxc3 16. Rb1 Ba6 17. Rxb8 Qxb8 18. Ng5 h6 19. Nh3 f5 20. exf6 Rxf6 21. Nf2 Bb5
22. Bxb5 Qxb5 23. Qh5 Rf8 24. Nd1 Bb4 25. c3 Ba3 26. f5 Qe8 27. Qxe8 Rxe8 28.
fxe6 Nc6 29. Rf5 Ne7 30. Rf1 Nc8 31. Rf5 Nb6 32. Rf7 a5 33. Ra7 a4 34. Bf4 Rxe6
35. Kf2 Rf6 36. Kg3 Bd6 37. Bxd6 Rxd6 38. Nb2 Re6 39. Kf2 Rf6+ 40. Ke2 Re6+ 41.
Kf2 Rf6+ 42. Ke2 1/2-1/2

[Event "SF Gerresheim 1 - Herforder SV KS 1"]
[Site "NRW-Klasse, Gruppe 2 2012/201"]
[Date "2013.03.10"]
[Round "7.2"]
[White "Dresen, Ulrich"]
[Black "Pieper-Emden, Carsten"]
[Result "1/2-1/2"]
[WhiteElo "2165"]
[BlackElo "2177"]
[PlyCount "28"]
[EventDate "2013.??.??"]
[WhiteTeam "SF Gerresheim 1"]
[BlackTeam "Herforder SV KS 1"]

1. d4 e6 2. Nf3 f5 3. Bg5 Nf6 4. Nbd2 d5 5. e3 Be7 6. Be2 O-O 7. O-O Nbd7 8. c4
c6 9. Qc2 Ne4 10. Bxe7 Qxe7 11. Rad1 Rf6 12. Ne5 Nxd2 13. Rxd2 Nxe5 14. dxe5
Rf8 1/2-1/2

[Event "SF Gerresheim 1 - Herforder SV KS 1"]
[Site "NRW-Klasse, Gruppe 2 2012/201"]
[Date "2013.03.10"]
[Round "7.3"]
[White "Wolf, Andre"]
[Black "Koehler, Markus"]
[Result "1/2-1/2"]
[WhiteElo "2136"]
[BlackElo "2118"]
[PlyCount "90"]
[EventDate "2013.??.??"]
[WhiteTeam "Herforder SV KS 1"]
[BlackTeam "SF Gerresheim 1"]

1. e4 g6 2. d4 Bg7 3. Nc3 c5 4. dxc5 Nc6 5. Be3 Nf6 6. f3 O-O 7. Qd2 b6 8. cxb6
axb6 9. Bb5 Qc7 10. Nge2 d6 11. O-O Be6 12. Bxc6 Qxc6 13. Nd4 Qb7 14. Nxe6 fxe6
15. Bh6 b5 16. Bxg7 Kxg7 17. Ne2 e5 18. c3 Rfd8 19. Ng3 d5 20. Qg5 Qb6+ 21. Kh1
Qe6 22. a3 h6 23. Qe3 d4 24. cxd4 exd4 25. Qd3 Qc4 26. Rfd1 Qxd3 27. Rxd3 e5
28. Rad1 Rdc8 29. R3d2 b4 30. axb4 Rab8 31. Ne2 Rxb4 32. Nc1 Nd7 33. Nd3 Rb3
34. Kg1 Kf6 35. Kf1 Rc4 36. Ke2 Nc5 37. Rc1 Rxc1 38. Nxc1 Re3+ 39. Kf2 Ke6 40.
Re2 Nd3+ 41. Nxd3 Rxd3 42. Rc2 Rb3 43. Rc6+ Kf7 44. Rc7+ Ke6 45. Rc6+ Kf7
1/2-1/2

[Event "SF Gerresheim 1 - Herforder SV KS 1"]
[Site "NRW-Klasse, Gruppe 2 2012/201"]
[Date "2013.03.10"]
[Round "7.4"]
[White "Van Lanen, Antoon"]
[Black "Loemker, Michael"]
[Result "0-1"]
[WhiteElo "2123"]
[BlackElo "2071"]
[PlyCount "118"]
[EventDate "2013.??.??"]
[WhiteTeam "SF Gerresheim 1"]
[BlackTeam "Herforder SV KS 1"]

1. e4 g6 2. d4 Bg7 3. g3 d6 4. Bg2 Nf6 5. Ne2 O-O 6. Nbc3 e5 7. h3 Nc6 8. Be3
a6 9. Qd2 Bd7 10. b3 Re8 11. d5 Ne7 12. O-O b5 13. a4 b4 14. Na2 a5 15. c3 bxc3
16. Nexc3 Rf8 17. b4 Ne8 18. b5 f5 19. f3 Nc8 20. Nc1 f4 21. Bf2 fxg3 22. Bxg3
Nf6 23. Bh4 Nxe4 24. Qe1 Nf6 25. Nb3 Ne7 26. Qd2 Nf5 27. Bxf6 Qxf6 28. Ne4 Qh4
29. Qf2 Bh6 30. Qxh4 Nxh4 31. Ra2 Be3+ 32. Kh2 Nf5 33. Rc2 Bb6 34. Rfc1 Ra7 35.
Rc3 Ne3 36. Rd3 Bf5 37. Nbd2 Bxe4 38. Nxe4 h6 39. Rc6 Nf5 40. Rdc3 Kg7 41. Rd3
Bd4 42. Rc1 Rf7 43. Ng3 Ne7 44. Ne2 Bb6 45. Rc4 g5 46. h4 Ra8 47. Bh3 Raf8 48.
Kg2 gxh4 49. Rxh4 Ng6 50. Re4 Nf4+ 51. Nxf4 Rxf4 52. Ra3 Bc5 53. Rxf4 Rxf4 54.
Ra2 Kf6 55. Be6 Kg5 56. Kg3 h5 57. Kg2 Rd4 58. Kg3 Rd3 59. Bf7 e4 0-1

[Event "SF Gerresheim 1 - Herforder SV KS 1"]
[Site "NRW-Klasse, Gruppe 2 2012/201"]
[Date "2013.03.10"]
[Round "7.5"]
[White "Quelle, Helmut"]
[Black "Liedmann, Dennis"]
[Result "1-0"]
[WhiteElo "2086"]
[BlackElo "2112"]
[PlyCount "89"]
[EventDate "2013.??.??"]
[WhiteTeam "Herforder SV KS 1"]
[BlackTeam "SF Gerresheim 1"]

1. Nf3 g6 2. d4 Bg7 3. e4 d6 4. Bc4 c6 5. O-O Nd7 6. Ng5 Nh6 7. Bxf7+ Nxf7 8.
Ne6 Qa5 9. Nxg7+ Kf8 10. Ne6+ Kg8 11. Nc3 Nf6 12. Nf4 e5 13. dxe5 dxe5 14. Nd3
Kg7 15. h3 g5 16. Bd2 Qc7 17. Qe2 h5 18. h4 gxh4 19. f3 h3 20. Kh2 hxg2 21. Rg1
Kf8 22. Qxg2 Qe7 23. Qg7+ Ke8 24. Bg5 Qe6 25. Rg2 Nh7 26. Kg1 b6 27. Bh4 Nf8
28. f4 Rh7 29. Qg3 exf4 30. Nxf4 Qe5 31. Qe3 Bg4 32. Nd3 Qe6 33. Nf4 Qh6 34.
Re1 Ne5 35. Rg3 Rf7 36. Rf1 Nc4 37. Qd4 Rxf4 38. Qxc4 Rxf1+ 39. Qxf1 Ng6 40.
Bf6 Kd7 41. Qd3+ Kc7 42. e5 Qf4 43. Ne4 Bf5 44. Qd6+ Kb7 45. Nc5+ 1-0

[Event "SF Gerresheim 1 - Herforder SV KS 1"]
[Site "NRW-Klasse, Gruppe 2 2012/201"]
[Date "2013.03.10"]
[Round "7.6"]
[White "Niemers, Johannes"]
[Black "Bykovskij, Sergej"]
[Result "0-1"]
[WhiteElo "2003"]
[BlackElo "2042"]
[PlyCount "98"]
[EventDate "2013.??.??"]
[WhiteTeam "SF Gerresheim 1"]
[BlackTeam "Herforder SV KS 1"]

1. e4 c6 2. d4 d5 3. exd5 cxd5 4. Nf3 e6 5. Nc3 Nf6 6. Bd3 Nc6 7. O-O a6 8. a3
Bd6 9. Ne2 e5 10. dxe5 Nxe5 11. Nxe5 Bxe5 12. Ng3 O-O 13. Re1 Qc7 14. c3 Bg4
15. Qc2 Rac8 16. Bg5 h6 17. Bd2 Be6 18. Rac1 Rfe8 19. Bf5 Re7 20. Bxe6 Rxe6 21.
Qf5 Rce8 22. Re3 Qb6 23. Rce1 g6 24. Qf3 h5 25. Nf1 Ne4 26. R3e2 Rf6 27. Qd3
Nxf2 28. Qe3 Qxe3 29. Rxe3 Ne4 30. R1e2 Rfe6 31. Be1 f5 32. g3 d4 33. Rd3 Nc5
34. Rd1 dxc3 35. Bxc3 Bxc3 36. Rxe6 Rxe6 37. bxc3 b5 38. Rd8+ Kf7 39. Nd2 Re1+
40. Kf2 Rc1 41. c4 bxc4 42. Rc8 c3 43. Nc4 Ne4+ 44. Kg2 Rc2+ 45. Kf3 Rxh2 46.
Ne5+ Kf6 47. Nd3 Rh3 48. Rc6+ Kg5 49. Rxa6 Rxg3+ 0-1

[Event "SF Neuenkirchen 1 - SG Niederkassel. 1"]
[Site "NRW-Klasse, Gruppe 2 2012/201"]
[Date "2013.03.10"]
[Round "7.1"]
[White "Stanetzek, Carsten"]
[Black "Muschik, Benedikt"]
[Result "1-0"]
[WhiteElo "2185"]
[BlackElo "2272"]
[PlyCount "129"]
[EventDate "2013.??.??"]
[WhiteTeam "SG Niederkassel. 1"]
[BlackTeam "SF Neuenkirchen 1"]

1. e4 g6 2. d4 Bg7 3. Nf3 d6 4. Bd3 e5 5. h3 Nc6 6. c3 f6 7. Na3 Bd7 8. Nc4
exd4 9. cxd4 Nb4 10. O-O Nxd3 11. Qxd3 Ne7 12. Qb3 Be6 13. d5 Bc8 14. Re1 O-O
15. Bd2 Kh8 16. Rad1 Rb8 17. Be3 b6 18. Nd4 Qe8 19. Nb5 Rb7 20. Rc1 Qd8 21. Re2
a6 22. Nd4 Qe8 23. Bf4 f5 24. e5 Nxd5 25. Nxd6 cxd6 26. Qxd5 dxe5 27. Bxe5 Qd7
28. Bxg7+ Qxg7 29. Ne6 Bxe6 30. Qxe6 a5 31. Rc8 Rb8 32. Rxb8 Rxb8 33. Rd2 Rf8
34. Qxb6 Re8 35. Qxa5 Qh6 36. Qc3+ Kg8 37. Rd7 g5 38. Qc4+ Kh8 39. Qd4+ Kg8 40.
Qd5+ Qe6 41. Qxe6+ Rxe6 42. Rd5 Re1+ 43. Kh2 Re2 44. Rxf5 Rxb2 45. Rxg5+ Kf7
46. Rf5+ Kg6 47. g4 Rxa2 48. Kg3 Ra3+ 49. f3 Rb3 50. h4 h6 51. Rd5 Rb7 52. Rd6+
Kg7 53. g5 hxg5 54. hxg5 Kg8 55. Kg4 Kg7 56. f4 Rb4 57. Kf3 Ra4 58. f5 Rb4 59.
Rd7+ Kf8 60. g6 Ke8 61. Ra7 Kf8 62. f6 Rb8 63. Kf4 Kg8 64. Kg5 Rf8 65. g7 1-0